书目信息 |
| 题名: |
世界书刊出版市场
|
|
| 作者: | 朱福铮 著 | |
| 分册: | ||
| 出版信息: | 北京 中国大百科全书出版社 1995 |
|
| 页数: | 153页 | |
| 开本: | 19cm | |
| 丛书名: | 世界市场全书 | |
| 单 册: | ||
| 中图分类: | F740.2 | |
| 科图分类: | ||
| 主题词: | 图书-出版发行--概况--世界 , 出版发行-图书--概况--世界 , 商业经济 | |
| 电子资源: | ||
| ISBN: | 7-5000-5483-1 | |
| 000 | 00886nnam 2200277 45 | |
| 001 | 0196017518 | |
| 005 | 20061031111740.53 | |
| 010 | @a7-5000-5483-1@dCNY98.80(合计) | |
| 100 | @a19950712d1995 em y0chiy0121 ea | |
| 101 | 0 | @achi |
| 102 | @aCN@b110000 | |
| 105 | @ay z 000yy | |
| 200 | 10 | @a世界书刊出版市场@ASHI JIE SHU KAN CHU BAN SHI CHANG@f朱福铮著@FZHU FU ZHENG ZHU |
| 210 | @a北京@c中国大百科全书出版社@d1995 | |
| 215 | @a153页@d19cm | |
| 225 | 2 | @a世界市场全书@dThe world market series@zeng@i世界文化市场全书@v47 |
| 410 | 0 | @120010@a世界市场全书 |
| 517 | 1 | @a世界文化市场全书@ASHI JIE WEN HUA SHI CHANG QUAN SHU |
| 540 | 1 | @a书刊@ASHU KAN |
| 606 | @a图书-出版发行@x概况@y世界 | |
| 606 | @a出版发行-图书@x概况@y世界 | |
| 606 | 0 | @a商业经济 |
| 690 | @aF740.2@v3 | |
| 701 | 0 | @a朱福铮@AZHU FU ZHENG@4著 |
| 801 | 0 | @aCN@bTSSF@c20061031 |
| 905 | @a10447@dF740.2@e12:3 | |
| 世界书刊出版市场/朱福铮著.-北京:中国大百科全书出版社,1995 |
| 153页;19cm.-(世界市场全书=The world market series.世界文化市场全书;47) |
| ISBN 7-5000-5483-1:CNY98.80(合计) |
| ● |
| 相关链接 |
|
|
|
|
正题名:世界书刊出版市场
索取号:F740.2/12:3
 
预约/预借
| 序号 | 登录号 | 条形码 | 馆藏地/架位号 | 状态 | 备注 |
| 1 | 0275773 | 002057801 | 第一样本阅览室/ [索取号:F740.2/12:3] | 在馆 |